Statistics for CSK Quiz

Click here to take the quiz!

General Stats

  • This quiz has been taken 33 times
  • The average score is 5 of 9

Answer Stats

QuestionAnswer% Correct
When did CSK start playing?2008
100%
How many IPL seasons has CSK won?3
89%
Who currently captains CSK?MS Dhoni
89%
Who is the leading wicket-taker for CSK?Dwayne Bravo
74%
Who first captained RCB?MS Dhoni
56%
What is their highest team score?246/5
41%
What is the highest individual score?127
30%
What is their home ground?MA Chidambaram Stadium
19%
Who owns CSK?Chennai Super Kings Cricket Ltd
0%

Score Distribution

Percentile by Number Answered

Percent of People with Each Score

Your Score History

You have not taken this quiz